Theft act 1968 (Record no. 412722)

000 -LEADER
fixed length control field 00274cam a22001097a 4500
008 - FIXED-LENGTH DATA ELEMENTS--GENERAL INFORMATION
fixed length control field 180718b1969 xxu||||| |||| 00| 0 eng d
082 ## - DEWEY DECIMAL CLASSIFICATION NUMBER
Classification number Q803x42 Un3
245 ## - TITLE STATEMENT
Title Theft act 1968
Statement of responsibility, etc. By HMSO
260 ## - PUBLICATION, DISTRIBUTION, ETC.
Place of publication, distribution, etc. London
Name of publisher, distributor, etc. HMSO
Date of publication, distribution, etc. 1969
300 ## - PHYSICAL DESCRIPTION
Extent 35p.
650 ## - SUBJECT ADDED ENTRY--TOPICAL TERM
Topical term or geographic name entry element Larceny -- Great Britain
Holdings
Withdrawn status Lost status Damaged status Not for loan Permanent Location Current Location Date acquired Full call number Barcode Date last seen Price effective from Koha item type
        Indian Institute of Public Administration Indian Institute of Public Administration 2009-02-09 Q803x42 Un3 DA1395 2018-07-21 2018-07-21 DA

Powered by Koha